Role of cuttings and clonal rootstocks in Hevea cultivation (Record no. 67165)

MARC details
000 -LEADER
fixed length control field 00475nam a2200121Ia 4500
100 ## - MAIN ENTRY--AUTHOR NAME
Personal name Leong S K
245 #0 - TITLE STATEMENT
Title Role of cuttings and clonal rootstocks in Hevea cultivation
260 ## - PUBLICATION, DISTRIBUTION, ETC. (IMPRINT)
Name of publisher Proceedings of the International Rubber Conference, Colombo, 1984, V1. Part 1; p19-46Proceedings of the International Rubber Conference, Colombo, 1984, V1. Part 1; p71-85
650 ## - SUBJECT ADDED ENTRY--TOPICAL TERM
Topical Term Hevea cultivation
700 ## - ADDED ENTRY--PERSONAL NAME
Personal name Yoon P K
942 ## - ADDED ENTRY ELEMENTS (KOHA)
Koha item type Journals
Holdings
Withdrawn status Lost status Damaged status Not for loan Home library Current library Shelving location Date acquired Koha item type
      Journals RRII Library RRII Library Botany 17/12/2021 Journals